| 000 | 00547nam a22002057a 4500 | ||
|---|---|---|---|
| 003 | CEME | ||
| 005 | 20230606115003.0 | ||
| 008 | 210107b xxu||||| |||| 00| 0 eng d | ||
| 020 | _a9789332550032 | ||
| 040 | _c. | ||
| 082 | _a621.902 KIB | ||
| 100 |
_aKibbe, Richard R, _959527 |
||
| 110 |
_aNeely, John E, White, Warren T Meyer, Roland O _9113019 |
||
| 245 | _aMachine Tool Practices | ||
| 250 | _a9th Edition | ||
| 260 |
_aINDIA _bPEARSON EDUCATION _c2015 |
||
| 300 | _aXIII, 799P | ||
| 650 |
_aMachine Tool _9113020 |
||
| 942 |
_cBK _2ddc |
||
| 999 |
_c569483 _d569483 |
||